La salud mental y el discernimiento para contraer matrimonio : (Registro nro. 6338)
[ vista simple ]
| 000 -LEADER | |
|---|---|
| fixed length control field | 01533nab a22002537a 4500 |
| 003 - CONTROL NUMBER IDENTIFIER | |
| control field | OSt |
| 005 - DATE AND TIME OF LATEST TRANSACTION | |
| control field | 20260130213932.0 |
| 008 - FIXED-LENGTH DATA ELEMENTS--GENERAL INFORMATION | |
| fixed length control field | 190603e xxum|||| |||| 00| 0 spa d |
| 040 ## - CATALOGING SOURCE | |
| Transcribing agency | PJ |
| 100 ## - MAIN ENTRY--PERSONAL NAME | |
| 9 (RLIN) | 989 |
| Personal name | Mazzinghi, Jorge A. |
| 245 13 - TITLE STATEMENT | |
| Title | La salud mental y el discernimiento para contraer matrimonio : |
| Remainder of title | oposición de los hijos al casamiento de su madre de avanzada edad / |
| Statement of responsibility, etc | Jorge A. M. Mazzinghi. |
| 260 ## - PUBLICATION, DISTRIBUTION, ETC. (IMPRINT) | |
| Date of publication, distribution, etc | Ciudad Autónoma de Buenos Aires : |
| Place of publication, distribution, etc | Thomson Reuters La Ley, |
| Name of publisher, distributor, etc | 2025. |
| 300 ## - PHYSICAL DESCRIPTION | |
| Extent | p. 164-176 |
| 500 ## - GENERAL NOTE | |
| General note | Cita: TR LALEY AR/DOC/2248/2025 <br/>Publicado en: RCCyC 2025 (Octubre). |
| 505 ## - FORMATTED CONTENTS NOTE | |
| Formatted contents note | Sumario: I. Introducción.— II. Los antecedentes del caso y las alternativas procesales.— III. Una curiosa duda acerca de la celebración del matrimonio.— IV. Razones para oponerse a la celebración del matrimonio.— V. Una respuesta más favorable a resguardar el derecho a casarse.— VI. El núcleo de lo que debe resolverse cuando se trata del impedimento de falta de salud mental. |
| 505 ## - FORMATTED CONTENTS NOTE | |
| Formatted contents note | Fallo comentado: ST Entre Ríos, sala II civil y com. ~ 01/07/2025 ~ C. O. E. y otra s/ incidentes (familia). |
| 505 ## - FORMATTED CONTENTS NOTE | |
| Title | ¿Te interesa el texto completo? Solicitalo al correo: koha@justierradelfuego.gov.ar |
| 650 #0 - SUBJECT ADDED ENTRY--TOPICAL TERM | |
| 9 (RLIN) | 967 |
| Topical term or geographic name as entry element | DERECHO DE FAMILIA |
| 650 #0 - SUBJECT ADDED ENTRY--TOPICAL TERM | |
| 9 (RLIN) | 962 |
| Topical term or geographic name as entry element | MATRIMONIO |
| 650 #0 - SUBJECT ADDED ENTRY--TOPICAL TERM | |
| 9 (RLIN) | 1272 |
| Topical term or geographic name as entry element | SALUD MENTAL |
| 650 #0 - SUBJECT ADDED ENTRY--TOPICAL TERM | |
| Topical term or geographic name as entry element | DISCERNIMIENTO |
| 773 0# - HOST ITEM ENTRY | |
| Host Biblionumber | 2713 |
| Host Itemnumber | 3170 |
| Place, publisher, and date of publication | Ciudad Autónoma de Buenos Aires : Thomson Reuters La Ley, 2015- |
| Title | Revista Código Civil y Comercial. Nº 5 - Octubre 2025 |
| 942 ## - ADDED ENTRY ELEMENTS (KOHA) | |
| Source of classification or shelving scheme | |
| Koha item type | Analítica Artículo de Revista |
No hay ítems disponibles.
